Az adóigazgatás jogorvoslati rendszere
Elmentve itt :
| Szerző: | |
|---|---|
| További közreműködők: | |
| Dokumentumtípus: | Szakdolgozat |
| Megjelent: |
1998
|
| Tárgyszavak: | |
| Online Access: | http://diploma.bibl.u-szeged.hu/24567 |
| LEADER | 00557nta a2200157 i 4500 | ||
|---|---|---|---|
| 001 | dipl24567 | ||
| 005 | 20130314082800.0 | ||
| 008 | 110825s1998 hu om 0|| zxx d | ||
| 040 | |a SZTE Diploma Repozitórium |b hun | ||
| 041 | |a zxx | ||
| 100 | 1 | |a Horváth Szabolcs | |
| 245 | 1 | 3 | |a Az adóigazgatás jogorvoslati rendszere |h [elektronikus dokumentum] / |c Szabolcs Horváth |
| 260 | |c 1998 | ||
| 650 | 4 | |a Jogi és igazgatási tanulmányok | |
| 700 | 1 | |a Kampler Béla |e ths | |
| 856 | 4 | 0 | |u http://diploma.bibl.u-szeged.hu/id/eprint/24567/1/1998_horvath_szabolcs.pdf |z Dokumentum-elérés |